La commande électromagnétique et électronique des machines-ouilts, par..., J. Canuel et A. Peuteman /

Guardado en:
Autor Principal: Fouillé, A.
Formato: Libro
Idioma:French
Publicado: Paris : Dunod, 1959.
Edición:2. ed.
Etiquetas: Agregar Etiqueta
Sin Etiquetas, Sea el primero en etiquetar este registro!
LEADER 00525nam a22001575a 4500
001 EUN.um034621
003 AR-BaUNS
005 20050623122908.0
008 041125s1959####fr#a##########000#0#fre#d
245 1 3 |a La commande électromagnétique et électronique des machines-ouilts, par..., J. Canuel et A. Peuteman /  |c A. Fouillé. 
260 |a Paris :  |b Dunod,  |c 1959. 
300 |a 332 p. :  |b ilus. ;  |c 23,5 cm. 
100 1 |a Fouillé, A. 
082 0 4 |a 621.313 
250 |a 2. ed. 
859 |a Ar-BaUNS  |b BIB. CENTRAL - Sector C  |h 621.313  |i F824a2  |p 2176/961